000 00655nam a2200217Ia 4500
008 180523s9999 xx 000 0 und d
020 _a971-08-0222-4
050 _aMAIN HD 70.U5
050 _b.P48 1982
100 _aPeters, Thomas S.
245 0 _aIn search of excellence :
245 0 _blessons from America's best-run companies /
245 0 _cThomas J. Peters and Robert H. Waterman, Jr.
260 _aNew York :
260 _bHarper and Row Publishers,
260 _c1982
300 _a360 pages :
300 _c21 cm.
500 _aIncludes bibliographical references and index.
650 _aIndustrial management -- United States.
999 _c356979
_d356979